Manual de Francesc Ajac, notari de Sabadell, 1400-1402 / edició a cura de Miquel Forrellad Solà
Descripción Física:
358 p. ; 24 cm
Colección:
Acta Notariorum Cataloniae ; 8
Otros Autores:
Fundació Noguera
MARC
| LEADER | 00000nam a2200000Ia 4500 | ||
|---|---|---|---|
| 001 | 12337 | ||
| 008 | 160829s1998 xx 000 0 cat d | ||
| 080 | |a A-1-199 | ||
| 100 | |a Forrellad i Solà, Miquel |9 32023 | ||
| 245 | |a Manual de Francesc Ajac, notari de Sabadell, 1400-1402 / edició a cura de Miquel Forrellad Solà | ||
| 260 | |a Barcelona : |b Fundació Noguera, |c 1998 | ||
| 300 | |a 358 p. ; |c 24 cm | ||
| 490 | |a Acta Notariorum Cataloniae ; 8 | ||
| 650 | |a Notaris |x Sabadell |x Història |x Fonts |9 32024 | ||
| 650 | |a Documents públics |x Sabadell |x 1400/1402 |x Catàlegs |9 32025 | ||
| 650 | |a Ajac, Francesc |x Arxius |x 1400/1402 |9 32026 | ||
| 700 | |a Fundació Noguera |9 70407 | ||
| 901 | |a Arxiu | ||
| 942 | |n 1 | ||
| 952 | |0 0 |1 0 |4 0 |6 A1199 |7 1 |9 45840 |a Arxiu |b Arxiu |d 2016-12-01 |l 0 |o A-1-199 |p 12337 |r 2016-12-01 00:00:00 |w 2016-12-01 |y ARXIU | ||
| 999 | |c 49340 |d 49340 | ||